Cuenca hacia 1956 : (Record no. 180093)
[ view plain ]
| 000 -LEADER | |
|---|---|
| campo de control de longitud fija | 01283nam a2200301 i 4500 |
| 001 - NÚMERO DE CONTROL | |
| campo de control | 180093 |
| 003 - IDENTIFICADOR DE NÚMERO DE CONTROL | |
| campo de control | ES-MaACL |
| 005 - FECHA Y HORA DE LA ÚLTIMA TRANSACCIÓN | |
| campo de control | 20230928115551.0 |
| 008 - DATOS DE LONGITUD FIJA--INFORMACIÓN GENERAL | |
| campo de control de longitud fija | 120416s2008 sp aco |||| |dspa d |
| 020 ## - NÚMERO INTERNACIONAL ESTÁNDAR DEL LIBRO | |
| Número Internacional Estándar del Libro | 978-84-92498-48-2 |
| 080 ## - NÚMERO DE LA CLASIFICACIÓN DECIMAL UNIVERSAL | |
| Número de la Clasificación Decimal Universal | 77 Català-Roca, Francesc (083.824) |
| 080 ## - NÚMERO DE LA CLASIFICACIÓN DECIMAL UNIVERSAL | |
| Número de la Clasificación Decimal Universal | 913(460.283)(0:77)(083.824) |
| 100 1# - ENTRADA PRINCIPAL--NOMBRE DE PERSONA | |
| Nombre de persona | Català-Roca, Francesc. |
| 9 (RLIN) | 37014 |
| 245 10 - MENCIÓN DEL TÍTULO | |
| Título | Cuenca hacia 1956 : |
| Resto del título | la versión de Francesc Català-Roca : [exposición, Fundación Antonio Saura, Casa Zavala, Cuenca, 7 de junio-27 de julio de 2008] / |
| Mención de responsabilidad, etc. | [texto], Horacio Fernández. |
| 260 ## - PUBLICACIÓN, DISTRIBUCIÓN, ETC. | |
| Lugar de publicación, distribución, etc. | Cuenca : |
| Nombre del editor, distribuidor, etc. | Fundación Antonio Saura ; |
| Lugar de publicación, distribución, etc. | Madrid : |
| Nombre del editor, distribuidor, etc. | La Fábrica, |
| Fecha de publicación, distribución, etc. | [2008] |
| 300 ## - DESCRIPCIÓN FÍSICA | |
| Extensión | 135 p. : |
| Otras características físicas | principalmente il., fot. ; |
| Dimensiones | 26 cm. |
| 500 ## - NOTA GENERAL | |
| Nota general | Índice. |
| 600 14 - PUNTO DE ACCESO ADICIONAL DE MATERIA--NOMBRE DE PERSONA | |
| Nombre de persona | Català-Roca, Francesc- |
| Subdivisión de forma | Exposiciones. |
| 9 (RLIN) | 149785 |
| 651 #4 - PUNTO DE ACCESO ADICIONAL DE MATERIA--NOMBRE GEOGRÁFICO | |
| Nombre geográfico | Cuenca (Provincia)- |
| Subdivisión de forma | Exposiciones. |
| 9 (RLIN) | 174077 |
| 651 #4 - PUNTO DE ACCESO ADICIONAL DE MATERIA--NOMBRE GEOGRÁFICO | |
| Nombre geográfico | Cuenca (Provincia)- |
| Subdivisión de forma | Obras ilustradas. |
| 9 (RLIN) | 174078 |
| 655 #7 - TERMINO DE INDIZACIÓN--GENERO/FORMA | |
| Fuente del término | tgfbne |
| 9 (RLIN) | 193628 |
| Datos o término principal de género/forma | Catálogos de exposiciones |
| 700 1# - ENTRADA AGREGADA--NOMBRE PERSONAL | |
| Nombre de persona | Fernández, Horacio. |
| 9 (RLIN) | 49371 |
| 710 2# - ENTRADA AGREGADA--NOMBRE DE ENTIDAD CORPORATIVA | |
| Nombre de entidad corporativa o nombre de jurisdicción como elemento de entrada | Fundación Antonio Saura, Casa Zavala. |
| 9 (RLIN) | 149786 |
| 710 1# - ENTRADA AGREGADA--NOMBRE DE ENTIDAD CORPORATIVA | |
| Nombre de entidad corporativa o nombre de jurisdicción como elemento de entrada | Cuenca (Provincia). |
| Unidad subordinada | Diputación Provincial. |
| 9 (RLIN) | 3346 |
| 852 4# - LOCALIZACIÓN | |
| Ubicación | ES-MaACL |
| itemnumber | 187003 |
| Sublocalización o colección | R.146829 |
| Número de control de estantería | A-12050 |
| Signatura antigua | Olim: N-5055 |
| Ubicación en estantería | Depósito 1 |
| 942 ## - ELEMENTOS DE ENTRADA SECUNDARIOS (KOHA) | |
| Fuente del sistema de clasificación o colocación | Clasificación decimal universal |
| Estatus retirado | Estado de pérdida | Fuente del sistema de clasificación o colocación | Estado de daño | No para préstamo | Biblioteca de origen | Biblioteca actual | Ubicación en estantería | Fecha de adquisición | Fuente de adquisición | Total de préstamos | Signatura topográfica completa | Código de barras | Visto por última vez | Precio de reemplazo | Tipo de ítem Koha |
|---|---|---|---|---|---|---|---|---|---|---|---|---|---|---|---|
| Clasificación decimal universal | Biblioteca del Ateneo de Madrid | Biblioteca del Ateneo de Madrid | Depósito 1 | 16/04/2012 | Donación | A-12050 | 1189228 | 23/02/2023 | 23/02/2023 | Libro impreso |
